|
|
|
|
| LEADER |
00000nam0a2200000 4500 |
| 001 |
285031 |
| 005 |
20231101235744.0 |
| 020 |
|
|
|a RU
|b 85-18669
|
| 035 |
|
|
|a (RuTPU)RU\TPU\book\309229
|
| 090 |
|
|
|a 285031
|
| 100 |
|
|
|a 20150219d1985 km y0rusy5003 ca
|
| 101 |
0 |
|
|a rus
|
| 102 |
|
|
|a UA
|
| 105 |
|
|
|a y z 001zy
|
| 200 |
1 |
|
|a Свойства облученных металлов и сплавов
|e справочник
|f А. М. Шалаев
|g Академия наук Украинской ССР (АН УССР), Институт металлофизики
|
| 210 |
|
|
|a Киев
|c Наукова думка
|d 1985
|
| 215 |
|
|
|a 308 с.
|c ил.
|
| 225 |
1 |
|
|a Структура и свойства металлов и сплавов
|
| 320 |
|
|
|a Библиогр.: с. 281-306
|
| 320 |
|
|
|a Предметный указатель: с. 307-308
|
| 606 |
|
|
|a Металлы
|x Действие ионизирующих излучений
|2 stltpush
|3 (RuTPU)RU\TPU\subj\43025
|9 62612
|
| 610 |
1 |
|
|a ионизирующие излучения
|
| 610 |
1 |
|
|a частицы
|
| 610 |
1 |
|
|a параметры
|
| 610 |
1 |
|
|a взаимодействие
|
| 610 |
1 |
|
|a радиационные дефекты
|
| 610 |
1 |
|
|a облученные материалы
|
| 610 |
1 |
|
|a физические свойства
|
| 610 |
1 |
|
|a изменение
|
| 610 |
1 |
|
|a механические свойства
|
| 610 |
1 |
|
|a радиационная стойкость
|
| 610 |
1 |
|
|a справочники
|
| 675 |
|
|
|a 669:539(035)
|v 3
|
| 700 |
|
1 |
|a Шалаев
|b А. М.
|g Анатолий Михайлович
|
| 712 |
0 |
2 |
|a Академия наук Украинской ССР (АН УССР)
|b Институт металлофизики
|2 stltpush
|3 (RuTPU)RU\TPU\col\12899
|
| 801 |
|
0 |
|a RU
|b RuMRKP
|c 19950704
|g psbo
|
| 801 |
|
1 |
|a RU
|b 63413507
|c 20150219
|
| 801 |
|
2 |
|a RU
|b 63413507
|c 20171130
|g RCR
|
| 942 |
|
|
|c BK
|